Textbook of Biochemistry : (Record no. 35281)
[ view plain ]
| 000 -LEADER | |
|---|---|
| fixed length control field | 00604nam a22002057a 4500 |
| 005 - DATE AND TIME OF LATEST TRANSACTION | |
| control field | 20240307151957.0 |
| 008 - FIXED-LENGTH DATA ELEMENTS--GENERAL INFORMATION | |
| fixed length control field | 240307b |||||||| |||| 00| 0 eng d |
| 020 ## - INTERNATIONAL STANDARD BOOK NUMBER | |
| ISBN | 9789350250587 |
| 082 ## - DEWEY DECIMAL CLASSIFICATION NUMBER | |
| Classification number | 780.15 |
| Item number | VAR-R |
| 100 ## - MAIN ENTRY--AUTHOR | |
| Author Name | Vasudevan, DM |
| 245 ## - TITLE STATEMENT | |
| Title | Textbook of Biochemistry : |
| Remainder of title | Revision Excerses |
| Statement of responsibility, etc. | Vasudevan, DM, Sreekumari,S, Kannan Vaidyanathan |
| 250 ## - EDITION STATEMENT | |
| Edition statement | 6th ed. |
| 260 ## - PUBLICATION, DISTRIBUTION, ETC. | |
| Place of Publication | India: |
| Name of publisher, distributor, etc. | Jaypee Brothers; |
| Date of publication, distribution, etc. | 2011. |
| 300 ## - PHYSICAL DESCRIPTION | |
| Pages | 28 p. : |
| 500 ## - GENERAL NOTE | |
| General note | Include index . |
| 650 ## - SUBJECT ADDED ENTRY--TOPICAL TERM | |
| Subject / Department | Medical / Biochemistry |
| 700 ## - ADDED ENTRY--PERSONAL NAME | |
| Personal name | Sreekumari,S |
| 700 ## - ADDED ENTRY--PERSONAL NAME | |
| Personal name | Kannan Vaidyanathan |
| 300 ## - PHYSICAL DESCRIPTION | |
| -- | ill; |
| -- | 20 cm. |
| 952 ## - LOCATION AND ITEM INFORMATION (KOHA) | |
| -- | 0 |
| -- | 0 |
| Lost status | Damaged status | Collection code | Permanent Location | Current Location | Shelving Location | Date acquired | Full Call Number | Accession No./Barcode | Date last seen | item type | Koha item type |
|---|---|---|---|---|---|---|---|---|---|---|---|
| Medical | Superior Information Resource Center (SIRC) Superior University- Main Campus | Superior Information Resource Center (SIRC) Superior University- Main Campus | Biochemistry | 03/07/2024 | 780.15 VAS-T 2011 | 4879 | 03/07/2024 | BOOK | BOOK |
